[Event "HUN-chT2"]
[Site "Hungary"]
[Date "1996.??.??"]
[Round "?"]
[White "Csinszky, Bernat"]
[Black "Tardy, Andras"]
[Result "1/2-1/2"]
[WhiteElo "1650"]
[BlackElo "1895"]
[PlyCount "78"]
[EventDate "1996.??.??"]
[EventType "team"]
[EventRounds "13"]
[EventCountry "HUN"]
[SourceTitle "EXT 2006"]
[Source "ChessBase"]
[SourceDate "2005.11.24"]
[SourceVersion "1"]
[SourceVersionDate "2005.11.24"]
[SourceQuality "1"]

1. d4 d5 2. c4 Nf6 3. Bg5 e6 4. Nf3 Be7 5. e3 c5 6. Nc3 Nc6 7. cxd5 Nxd5 8. Bxe7 Qxe7 9. Nxd5 exd5 10. Bb5 0-0 11. Bxc6 bxc6 12. Rc1 c4 13. 0-0 Bg4 14. h3 Bd7 15. Ne5 f6 16. Nxd7 Qxd7 17. b3 cxb3 18. Qxb3 Rfc8 19. Rc5 Rab8 20. Qc2 Rb7 21. Rc1 Rbc7 22. Qb3 Kf8 23. Qd3 g6 24. e4 Kg7 25. f4 f5 26. e5 Kf7 27. Re1 Ke6 28. Qg3 Qe7 29. a4 Rb8 30. Rec1 Rbc8 31. Qg5 Qxg5 32. fxg5 Kd7 33. a5 Re8 34. Kf2 Re6 35. Kf3 Rb7 36. R1c3 Rb4 37. Ke3 a6 38. Rd3 Rb5 39. Rdc3 Rb4 1/2-1/2

[Event "HUN-chT2"]
[Site "Hungary"]
[Date "1996.??.??"]
[Round "?"]
[White "Racz, Roland"]
[Black "Tardy, Andras"]
[Result "0-1"]
[WhiteElo "1830"]
[BlackElo "1895"]
[PlyCount "98"]
[EventDate "1996.??.??"]
[EventType "team"]
[EventRounds "13"]
[EventCountry "HUN"]
[SourceTitle "EXT 2006"]
[Source "ChessBase"]
[SourceDate "2005.11.24"]
[SourceVersion "1"]
[SourceVersionDate "2005.11.24"]
[SourceQuality "1"]

1. d4 d5 2. Nf3 Bf5 3. e3 a6 4. Nbd2 e6 5. Bd3 Bxd3 6. cxd3 c5 7. b3 b5 8. Bb2 Nf6 9. Rc1 Nbd7 10. 0-0 Rc8 11. e4 h5 12. Qe2 Be7 13. e5 Ng8 14. Rc2 g5 15. Rfc1 g4 16. Ne1 Nh6 17. dxc5 Rxc5 18. d4 Rxc2 19. Rxc2 Nf5 20. a4 Qb6 21. axb5 axb5 22. Rc8+ Bd8 23. Nc2 Qb7 24. Rc3 b4 25. Rd3 Qb5 26. Nb1 Bg5 27. Nxb4 Qxb4 28. Ba3 Qb5 29. Qc2 Bd8 30. Qd2 Nb6 31. Rc3 Qa5 32. Qd3 f6 33. b4 Qa4 34. Rc1 Nc4 35. g3 fxe5 36. dxe5 Bb6 37. Nd2 Nxe5 38. Qc3 Nf7 39. Re1 Kd7 40. Qf6 N5d6 41. Qxe6+ Kc7 42. Rc1+ Kb8 43. Bb2 Re8 44. Qxd5 Qb5 45. Qg2 Re2 46. Ra1 Rxd2 47. Qa8+ Kc7 48. Bc3 Bxf2+ 49. Kh1 Rc2 0-1

[Event "HUN-chT2"]
[Site "Hungary"]
[Date "1996.??.??"]
[Round "?"]
[White "Tardy, Andras"]
[Black "Batho, Zoltan"]
[Result "1-0"]
[WhiteElo "1750"]
[BlackElo "1720"]
[PlyCount "69"]
[EventDate "1996.??.??"]
[EventType "team"]
[EventRounds "13"]
[EventCountry "HUN"]
[SourceTitle "EXT 2006"]
[Source "ChessBase"]
[SourceDate "2005.11.24"]
[SourceVersion "1"]
[SourceVersionDate "2005.11.24"]
[SourceQuality "1"]

1. e4 c5 2. Nc3 Nc6 3. g3 e5 4. Bg2 d6 5. d3 Be7 6. Nf3 f5 7. exf5 Bxf5 8. h3 Nf6 9. g4 Bd7 10. Bd2 0-0 11. Qc1 Qc7 12. g5 Nh5 13. Nd5 Qd8 14. h4 Bg4 15. Nh2 Bd7 16. Bf3 Be8 17. Qd1 g6 18. Ng4 Nd4 19. Nh6+ Kh8 20. Bxh5 gxh5 21. Rh3 Qd7 22. Rg3 Bg6 23. c3 Ne6 24. Qe2 Nc7 25. Nxc7 Qxc7 26. Re3 Qb6 27. 0-0-0 Qa6 28. a3 Qa4 29. c4 b5 30. Rxe5 Bxd3 31. Bc3 b4 32. Rxe7+ bxc3 33. Qxd3 cxb2+ 34. Kb1 Qxd1+ 35. Qxd1 1-0

[Event "Berze Memorial 7th"]
[Site "Godollo"]
[Date "1996.??.??"]
[Round "?"]
[White "Tardy, Andras"]
[Black "Torok, Sandor"]
[Result "0-1"]
[WhiteElo "1895"]
[BlackElo "1900"]
[PlyCount "54"]
[EventDate "1996.??.??"]
[EventType "swiss"]
[EventRounds "9"]
[EventCountry "HUN"]
[SourceTitle "EXT 2004"]
[Source "ChessBase"]
[SourceDate "2003.11.25"]
[SourceVersion "1"]
[SourceVersionDate "2003.11.25"]
[SourceQuality "1"]

1. d4 c5 2. d5 d6 3. e4 Nf6 4. Nc3 g6 5. Nf3 Bg7 6. Bb5+ Bd7 7. Bxd7+ Nbxd7 8. Qd3 0-0 9. 0-0 a6 10. a3 Qc7 11. b3 b5 12. Nd2 Nb6 13. Bb2 Rfc8 14. Nd1 c4 15. Qf3 cxb3 16. Qxb3 Qxc2 17. Qxc2 Rxc2 18. Bc3 Na4 19. Nb1 Nxc3 20. Nbxc3 Nxe4 21. Nxe4 Bxa1 22. Ne3 Ra2 23. h3 Bg7 24. Rc1 Rxa3 25. Rc7 Re8 26. Nc2 Ra2 27. Nb4 Ra4 0-1